| 000 | 00527nam a22002177a 4500 | ||
|---|---|---|---|
| 003 | Nust | ||
| 005 | 20211006112117.0 | ||
| 008 | 170123b xxu||||| |||| 00| 0 eng d | ||
| 020 | _a0070607443 | ||
| 038 | _akhadija | ||
| 040 | _cc | ||
| 082 |
_a620.11223 _bFON |
||
| 100 |
_aFontana, Mars G. _982960 |
||
| 245 |
_aCorrosion Engineering / _cMars G. Fontana |
||
| 250 | _a3rd ed. | ||
| 260 |
_aNew Delhi : _bMcGraw-Hill, _c2009. |
||
| 300 |
_a556 p. ; _c22 cm. |
||
| 500 | _apaperback. | ||
| 563 | _aPB | ||
| 942 |
_cBK _2ddc |
||
| 999 |
_c32226 _d32226 |
||